Entidad Municipal Metropolitana de Barcelona : disposiciones reguladoras / discurso del ... José García Hernández disposiciones reguladoras / discurso del ... José García Hernández
Descripción Física:
161 p. ; 15 cm
MARC
| LEADER | 00000nam a2200000Ia 4500 | ||
|---|---|---|---|
| 001 | 1823 | ||
| 008 | 160829s1974 xx 000 0 cat d | ||
| 080 | |a M-3-392 | ||
| 100 | 1 | |a García Hernández, José, |d 1915-2000 |9 28269 | |
| 245 | |a Entidad Municipal Metropolitana de Barcelona : |b disposiciones reguladoras / discurso del ... José García Hernández | ||
| 260 | |a Madrid : |b Instituto de Estudios de Administración Local, |c 1974 | ||
| 300 | |a 161 p. ; |c 15 cm | ||
| 590 | |a Inclou el discurs fet amb motiu de la constitució de l'Entitat Metropolitana de Barcelona (25 nov. 1974) | ||
| 650 | |a Entitat Municipal Metropolitana de Barcelona |x Reglaments i procediment |9 28270 | ||
| 710 | 2 | |a Instituto de Estudios de Administración Local (Espanya) |9 54775 | |
| 901 | |a Arxiu | ||
| 942 | |n 1 | ||
| 952 | |0 0 |1 0 |4 0 |6 M3392 |7 1 |9 44751 |a Arxiu |b Arxiu |d 2016-12-01 |l 0 |o M-3-392 |p 1823 |r 2016-12-01 00:00:00 |w 2016-12-01 |y ARXIU | ||
| 999 | |c 47333 |d 47333 | ||